MARC details
| 000 -CABECERA |
| campo de control de longitud fija |
02377nam a22003857a 4500 |
| 003 - IDENTIFICADOR DEL NÚMERO DE CONTROL |
| campo de control |
CHAP |
| 005 - FECHA Y HORA DE LA ÚLTIMA TRANSACCIÓN |
| campo de control |
20250206144028.0 |
| 008 - DATOS DE LONGITUD FIJA--INFORMACIÓN GENERAL |
| campo de control de longitud fija |
090902s2009 mx r 00010 spa d |
| 035 ## - NÚMERO DE CONTROL DEL SISTEMA |
| Número de control de sistema |
108314 |
| 040 ## - FUENTE DE LA CATALOGACIÓN |
| Centro/agencia transcriptor |
CHAP |
| 090 ## - LOCALMENTE ASIGNADO TIPO-LC NÚMERO DE CLASIFICACIÓN (OCLC); NÚMERO DE CLASIFICACIÓN LOCAL (RLIN) |
| Número de clasificación (OCLC) (R) ; Numero de clasificación, CALL (RLIN) (NR) |
Tesis |
| 100 1# - ENTRADA PRINCIPAL--NOMBRE DE PERSONA |
| Nombre de persona |
Rico Rodríguez, Diana Ruth |
| 9 (RLIN) |
97338 |
| 245 10 - MENCIÓN DE TÍTULO |
| Título |
Etanol a partir de la fermentación de jugo de desecho de piña (Ananas comosus L.) por medio de dos microorganismos |
| Mención de responsabilidad, etc. |
/por Diana Ruth Rico Rodríguez |
| 264 #1 - PRODUCCIÓN, PUBLICACIÓN, DISTRIBUCIÓN, FABRICACIÓN Y COPYRIGHT |
| Producción, publicación, distribución, fabricación y copyright |
Chapingo, Méx. : |
| Nombre del de productor, editor, distribuidor, fabricante |
El autor, |
| Fecha de producción, publicación, distribución, fabricación o copyright |
2009. |
| 300 ## - DESCRIPCIÓN FÍSICA |
| Extensión |
xii, 59 h. : |
| Otras características físicas |
cuadros, gráfs. , ilus. |
| 500 ## - NOTA GENERAL |
| Nota general |
También disponible en PDF. |
| 502 ## - NOTA DE TESIS |
| Tipo de título |
(Ingeniero Agroindustrial) -- |
| Nombre de la institución que otorga el título |
Departamento de Ingeniería Agroindustrial, |
| Año de obtención del título |
2009. |
| Información miscelánea |
Licenciatura |
| 520 ## - SUMARIO, ETC. |
| Sumario, etc. |
Se estudió la producción de etanol a partir de la fermentación por lotes de jugo de desecho de piña (Ananas comosus L.) por medio de la bacteria Zymomonas mobilis con y sin control de pH; y la levadura Saccharomyces cerevisiae sin control de pH. Las variables respuesta fueron porcentaje de etanol, azúcares totales, acidez titulable y pH. Se usó un diseño experimental completamente al azar. Con la bacteria Z. mobilis sin control de pH se obtuvo una mayor producción de etanol (6.3 %) en comparación con Z. mobilis con pH controlado (4.92 %) y S. cerevisiae sin control de pH (5.41 %). Las condiciones óptimas para la producción de etanol con Z. mobilis fueron: temperatura 30°C, aproximadamente 11 % de azúcares totales, cerca de 0.3 % de acidez titulable y pH de alrededor de 5.5. Las condiciones óptimas para la producción de etanol por medio de S. cerevisiae fueron: temperatura 30° C, aproximadamente 10% de azúcares totales, cerca de 1 % de acidez titulable y pH alrededor de 3.4 |
| 650 14 - PUNTO DE ACCESO ADICIONAL DE MATERIA--TÉRMINO DE MATERIA |
| Término de materia o nombre geográfico como elemento de entrada |
Ananas comosus. |
| 9 (RLIN) |
5473 |
| 650 14 - PUNTO DE ACCESO ADICIONAL DE MATERIA--TÉRMINO DE MATERIA |
| Término de materia o nombre geográfico como elemento de entrada |
Etanol. |
| 9 (RLIN) |
38579 |
| 650 14 - PUNTO DE ACCESO ADICIONAL DE MATERIA--TÉRMINO DE MATERIA |
| Término de materia o nombre geográfico como elemento de entrada |
Fermentación alcohólica. |
| 9 (RLIN) |
40085 |
| 650 14 - PUNTO DE ACCESO ADICIONAL DE MATERIA--TÉRMINO DE MATERIA |
| Término de materia o nombre geográfico como elemento de entrada |
Piña |
| Subdivisión general |
Subproductos. |
| 9 (RLIN) |
88424 |
| 856 ## - LOCALIZACIÓN Y ACCESO ELECTRÓNICOS |
| Identificador Uniforme del Recurso |
http://10.13.5.2/tesis/108314.pdf |
| Nota pública |
DESCARGAR PDF |
| 942 ## - ELEMENTOS DE PUNTO DE ACCESO ADICIONAL (KOHA) |
| Tipo de ítem Koha |
Tesis digital |
| Fuente del sistema de clasificación o colocación |
Clasificación Universidad Autónoma Chapingo |
| 590 ## - NOTA LOCAL (RLIN) |
| Nota local |
ALEPH |
| Procedencia (VM) [OBSOLETO] |
10 |
| Condición del los carretes individuales (VM) [OBSOLETO] |
20130110 |
| 590 ## - NOTA LOCAL (RLIN) |
| Nota local |
BATCH-UPD |
| Procedencia (VM) [OBSOLETO] |
10 |
| Condición del los carretes individuales (VM) [OBSOLETO] |
20130110 |
| 590 ## - NOTA LOCAL (RLIN) |
| Nota local |
BATCH-UPD |
| Procedencia (VM) [OBSOLETO] |
10 |
| Condición del los carretes individuales (VM) [OBSOLETO] |
20130410 |
| 590 ## - NOTA LOCAL (RLIN) |
| Nota local |
BATCH-UPD |
| Procedencia (VM) [OBSOLETO] |
10 |
| Condición del los carretes individuales (VM) [OBSOLETO] |
20130914 |
| 590 ## - NOTA LOCAL (RLIN) |
| Nota local |
CONVERSION |
| Procedencia (VM) [OBSOLETO] |
10 |
| Condición del los carretes individuales (VM) [OBSOLETO] |
20130109 |
| 901 ## - ELEMENTOS DE DATOS A LOCAL LDA (RLIN) |
| a |
BK |
| 949 ## - PROCESAMIENTO DE INFORMACIÓN LOCAL (OCLC) |
| a |
Tesis |
| b |
BC |
| c |
TES |
| d |
33724002123736 |
| e |
TS1 |
| g |
DonaciØn |
| h |
49486 |
| i |
108314 |
| s |
b |
| 949 ## - PROCESAMIENTO DE INFORMACIÓN LOCAL (OCLC) |
| a |
Tesis |
| b |
BC |
| c |
TES |
| d |
33724002123777 |
| e |
TS2 |
| f |
c.2 |
| g |
DonaciØn |
| h |
49487 |
| i |
108314 |
| s |
b |